Después de la Conferencia de Algeciras / (Record no. 42511)

MARC details
000 -LEADER
campo de control de longitud fija 00761nam a2200205 i 4500
001 - NÚMERO DE CONTROL
campo de control 42511
003 - IDENTIFICADOR DE NÚMERO DE CONTROL
campo de control ES-MaACL
005 - FECHA Y HORA DE LA ÚLTIMA TRANSACCIÓN
campo de control 20250701212113.0
007 - CAMPO FIJO DE DESCRIPCIÓN FÍSICA--INFORMACIÓN GENERAL
campo de control de longitud fija t|
008 - DATOS DE LONGITUD FIJA--INFORMACIÓN GENERAL
campo de control de longitud fija 030402s1906 sp |||| | spa d
080 ## - NÚMERO DE LA CLASIFICACIÓN DECIMAL UNIVERSAL
Número de la Clasificación Decimal Universal 341.382(460.355 Algeciras)"1906"
100 1# - ENTRADA PRINCIPAL--NOMBRE DE PERSONA
Nombre de persona Fernández de Henestrosa y Mioño, Ignacio
Títulos y otros términos asociados al nombre Marqués de Camarasa.
9 (RLIN) 49663
245 10 - MENCIÓN DEL TÍTULO
Título Después de la Conferencia de Algeciras /
Mención de responsabilidad, etc. El Conde Moriana, Marqués de Camarasa [Fernández de Henestrosa y Mioño].
260 ## - PUBLICACIÓN, DISTRIBUCIÓN, ETC.
Lugar de publicación, distribución, etc. Madrid :
Nombre del editor, distribuidor, etc. [s.n.],
Fecha de publicación, distribución, etc. 1906 (
Fabricante Fortanet)
300 ## - DESCRIPCIÓN FÍSICA
Extensión 14 p. ;
Dimensiones 27 cm.
611 27 - PUNTO DE ACCESO ADICIONAL DE MATERIA--NOMBRE DE REUNIÓN/CONGRESO
Nombre de congreso/reunión o jurisdicción como elemento de entrada Conferencia de Algeciras
Fecha del congreso o de la firma del tratado (1906)
Fuente del encabezamiento o término
9 (RLIN) 139959
651 #4 - PUNTO DE ACCESO ADICIONAL DE MATERIA--NOMBRE GEOGRÁFICO
Nombre geográfico Marruecos-
Subdivisión general Administración-
Subdivisión de forma Tratados, convenios, etc.
9 (RLIN) 158404
852 ## - LOCALIZACIÓN
Ubicación ES-MaACL
Número de control de estantería T-1071-F-8
Holdings
Estatus retirado Estado de pérdida Estado de daño No para préstamo Colección Biblioteca de origen Biblioteca actual Ubicación en estantería Fecha de adquisición Fuente de adquisición Total de préstamos Signatura topográfica completa Código de barras Visto por última vez Precio de reemplazo Tipo de ítem Koha
        Colección de folletos Biblioteca del Ateneo de Madrid Biblioteca del Ateneo de Madrid Depósito folletos 17/01/2008     T-1071-F-8 1044751 23/02/2023 23/02/2023 Folleto